Wird geladen...
Viatnam kathakal /
| 1. Verfasser: | |
|---|---|
| Sprache: | Undetermined |
| Veröffentlicht: |
1969.
|
| LEADER | 00371nam a2200121Ia 4500 | ||
|---|---|---|---|
| 001 | 36492 | ||
| 008 | 170722s9999 xx 000 0 und d | ||
| 100 | |a Bhaskaran Nair, Cheppad | ||
| 245 | |a Viatnam kathakal / | ||
| 260 | |c 1969. | ||
| 942 | |c GEN | ||
| 999 | |c 81447 |d 81447 | ||
| 952 | |0 0 |1 0 |4 0 |6 O_31X_32K91_KR |7 0 |9 114187 |a LIB |b LIB |d 2017-08-12 |o O,31x 32K91 (KR) |p 137871 |r 2017-08-12 |w 2017-08-12 |y GEN | ||